书目信息 |
| 题名: |
测试工程师全栈技术进阶与实践
|
|
| 作者: | 茹炳晟 编著 | |
| 分册: | ||
| 出版信息: | 北京 人民邮电出版社 2019.09 |
|
| 页数: | 335页 | |
| 开本: | 24cm | |
| 丛书名: | ||
| 单 册: | ||
| 中图分类: | TP311.55 | |
| 科图分类: | ||
| 主题词: | 软件--ruan jian--测试 | |
| 电子资源: | ||
| ISBN: | 978-7-115-51328-1 | |
| 000 | 01192nam0 2200253 450 | |
| 001 | 202020139706 | |
| 005 | 20200926181346.0 | |
| 010 | @a978-7-115-51328-1@dCNY79.00 | |
| 100 | @a20200917d2019 em y0chiy50 ea | |
| 101 | 0 | @achi |
| 102 | @aCN@b110000 | |
| 105 | @aak z 000yy | |
| 106 | @ar | |
| 200 | 1 | @a测试工程师全栈技术进阶与实践@Ace shi gong cheng shi quan zhan ji shu jin jie yu shi jian@f茹炳晟编著 |
| 210 | @a北京@c人民邮电出版社@d2019.09 | |
| 215 | @a335页@c图@d24cm | |
| 300 | @a极客时间 | |
| 314 | @a茹炳晟, 毕业于上海交通大学, 获硕士学位, 现任Dell EMC高级架构师, 负责VxRail产品线的全面质量保障工作。 | |
| 330 | @a本书阐述测试架构师以及优秀测试工程师所必须具备的测试理念与技术技能, 系统性梳理软件测试的知识体系, 深入讲解自动化测试、移动应用测试、性能测试和测试基础架构设计的核心原理, 并通过一系列行业最佳实践案例的分享与讲解, 为读者呈现一幅包括GUI/API自动化测试、移动应用测试、测试数据平台、测试基础架构建设、性能/压力测试、代码级测试、测试新技术和大型网站架构等在内的软件测试技术全景视图。 | |
| 606 | 0 | @a软件@Aruan jian@x测试 |
| 690 | @aTP311.55@v5 | |
| 701 | 0 | @a茹炳晟@Aru bing sheng@4编著 |
| 801 | 0 | @aCN@c20190904 |
| 905 | @a河南城建学院图书馆@dTP311.55@eR791 | |
| 测试工程师全栈技术进阶与实践/茹炳晟编著.-北京:人民邮电出版社,2019.09 |
| 335页:图;24cm |
| 极客时间 |
| ISBN 978-7-115-51328-1:CNY79.00 |
| 本书阐述测试架构师以及优秀测试工程师所必须具备的测试理念与技术技能, 系统性梳理软件测试的知识体系, 深入讲解自动化测试、移动应用测试、性能测试和测试基础架构设计的核心原理, 并通过一系列行业最佳实践案例的分享与讲解, 为读者呈现一幅包括GUI/API自动化测试、移动应用测试、测试数据平台、测试基础架构建设、性能/压力测试、代码级测试、测试新技术和大型网站架构等在内的软件测试技术全景视图。 |
| ● |
| 相关链接 |
|
|
|
正题名:测试工程师全栈技术进阶与实践
索取号:TP311.55/R791
 
预约/预借
| 序号 | 登录号 | 条形码 | 馆藏地/架位号 | 状态 | 备注 |
| 1 | 1489636 | 214896362 | 自科库301/301自科库 50排2列3层/ [索取号:TP311.55/R791] | 在馆 | |
| 2 | 1489637 | 214896371 | 自科库301/301自科库 50排2列3层/ [索取号:TP311.55/R791] | 在馆 |